مكتبة جامعة عجلون الوطنية

فهرس بحث المكتبة

Normal view MARC view
  • صعوبات التعلم - التعلم عن بعد- كوفيد19

Entry Topical Term

Number of records used in: 1

001 - CONTROL NUMBER

  • control field: 62562

003 - CONTROL NUMBER IDENTIFIER

  • control field: JO-AjAnu

005 - DATE AND TIME OF LATEST TRANSACTION

  • control field: 20230606084222.0

008 - FIXED-LENGTH DATA ELEMENTS

  • fixed length control field: 230606|| aca||aabn | a|a d

040 ## - CATALOGING SOURCE

  • Original cataloging agency: JO-AjAnu
  • Transcribing agency: JO-AjAnu

150 ## - HEADING--TOPICAL TERM

  • Topical term or geographic name entry element: صعوبات التعلم - التعلم عن بعد- كوفيد19

670 ## - SOURCE DATA FOUND

  • Source citation: Work cat.: (JO-AjAnu)31903: اعداد البعول، محمد عمر حسين؛ اشراف محمد عمر ابو الرب , author 62561, معوقات تطبيق التعليم عن بعد لدى معلمي الطلبة ذوي صعوبات التعلم في ظل جائحة كوفيد 19 = Obstacles Applied on Distance Teaching Among Teachers of Students With Learning Disabilities During Covid-19 Pandemic